000 00292nam a22001217a 4500
999 _c15472
_d15472
020 _a9789386546302
082 _a631.1
_bBRA/MC
100 _aBrajendra
_93191
245 _aMCQ's in agriculture engineering
260 _aNew Delhi
_bMy Research Publication
_c2018
300 _a196
942 _cBK